もらってうれしい!ご当地みやげランキング - Statistics

General Stats
  • This quiz has been taken 670 times
  • The average score is 8 of 31
Answer Stats
都道府県 票数 Answer % Correct
北海道 845票 白い恋人
82%
三重県 990票 赤福餅
70%
宮城県 1464票 萩の月
62%
福岡県 1465票 博多通りもん
59%
東京都 677票 東京ばな奈「見ぃつけたっ」
54%
山梨県 602票 桔梗信玄餅
47%
静岡県 355票 うなぎパイ
45%
神奈川県 155票 鳩サブレー
41%
福岡県 85票 名菓ひよ子
40%
神奈川県 934票 昔ながらのシウマイ
35%
宮城県 137票 ずんだ餅
34%
長崎県 138票 カステラ
33%
福島県 274票 ままどおる
25%
福岡県 200票 めんべい
25%
北海道 243票 じゃがポックル
23%
岩手県 255票 かもめの玉子
21%
北海道 793票 マルセイバターサンド
20%
大阪府 217票 豚まん
16%
千葉県 92票 落花生/ゆで落花生
15%
京都府 287票 阿闍梨餅
8%
北海道 109票 チョコレート/生チョコレート
7%
長野県 89票 雷鳥の里
7%
熊本県 142票 馬刺し
6%
神奈川県 141票 クルミッ子
6%
福岡県 101票 梅ヶ枝餅
6%
滋賀県 88票 バームクーヘン
6%
鹿児島県 132票 かすたどん
5%
愛知県 87票 ゆかり
4%
熊本県 173票 誉の陣太鼓
3%
北海道 135票 ドゥーブルフロマージュ
2%
大阪府 85票 焼きたてチーズケーキ
1%
No matching quizzes found
Score Distribution
Percent of People with Each Score
Percentile by Number Answered
Your Score History
You have not taken this quiz